Deuda externa y capital extranjero:
محفوظ في:
| المؤلف الرئيسي: | |
|---|---|
| التنسيق: | نص |
| الموضوعات: | |
| الوسوم: |
إضافة وسم
لا توجد وسوم, كن أول من يضع وسما على هذه التسجيلة!
|
MARC
| LEADER | 00000 a a2200000 04500 | ||
|---|---|---|---|
| 001 | 41985 | ||
| 003 | |||
| 040 | |||
| 100 | |a Martínez, Osvaldo | ||
| 245 | |a Deuda externa y capital extranjero: |a el origen de la crisis / |c Osvaldo Martínez | ||
| 650 | |a DEUDA EXTERNA | ||
| 650 | |a AMERICA LATINA | ||
| 650 | |a DEVALUACION | ||
| 650 | |a CAPITALES EXTRANGEROS | ||
| 650 | |a BANCOS | ||
| 773 | |g volumen21, número80 ( , 1990), páginas 167-196 | ||
| 999 | |c 31381 |d 31381 | ||
| 773 | 0 | |0 19182 |9 4624 |a Universidad Nacional Autónoma de México. |d México, D.F.: UNAM, 1969- |o MFN: 0669 |t Problemas del desarrollo: |x 03017036 | |
